| 000 | 00927cad a22002415a 4500 | ||
|---|---|---|---|
| 001 | E150174 | ||
| 008 | 100610s2010 xxk f 000 0 eng d | ||
| 035 | _a(Sirsi) u150174 | ||
| 041 | 0 | _aeng | |
| 050 | 0 | 4 | _a690.241 $2 18 |
| 110 | 2 |
_aHistoric Scotland _92914 |
|
| 245 | 0 | 0 |
_aINFORM, information for historic building owners _btimber staircases _h[electronic publication] |
| 260 |
_aEdinburgh _bHistoric Scotland _c2010 |
||
| 300 |
_a8p. _bcol.ill _c21cm. |
||
| 490 | 0 | _aInform | |
| 520 | _aDiscusses how timber staircases are constructed, and looks at their repair and maintenance. | ||
| 521 | _aIntroductory | ||
| 590 | _aKA | ||
| 651 | 4 |
_aScotland _y1999- |
|
| 690 | _aBUILT ENVIRONMENT-BUILDING TYPES-ANCIENT MONUMENTS AND HISTORIC BUILDINGS | ||
| 856 | 4 | 1 |
_uhttps://www.historic-scotland.gov.uk/publicationsresultsdetail.htm?id=4dc88e5f7 _zView the item free of charge at www.historic-scotland.gov.uk |
| 942 | _n0 | ||
| 999 |
_c110773 _d110773 |
||